| 000 | 00673nam a2200241Ia 4500 | ||
|---|---|---|---|
| 008 | |||
| 020 | _a0920063659 (pbk. ) | ||
| 049 | _aMAIN | ||
| 090 | _aQD 31.2 BUN | ||
| 100 | 1 | _aBunce, Nigel J. | |
| 245 | 1 | 0 |
_aEnvironmental chemistry / _cNigel J. Bunce. |
| 250 | _a2nd ed. | ||
| 260 |
_aWinnipeg : _bWeurz Pub., _c1994. |
||
| 300 |
_a376 p. : _bill. ; _c26 cm. |
||
| 504 | _aIncludes bibliographical references. | ||
| 500 | _aIncludes index. | ||
| 650 | 0 | _aEnvironmental chemistry. | |
| 907 |
_a.b10248808 _b06-08-07 _c31-07-07 |
||
| 003 | |||
| 005 | 20230123134501.0 | ||
| 040 | _cNUST | ||
| 942 |
_cBOOKS _kQD 31.2 BUN |
||
| 999 |
_c166715 _d166715 |
||